[Event "MAS-ch Challengers"]
[Site "Pontian"]
[Date "2024.04.23"]
[Round "4"]
[White "Lee, Xia Sean"]
[Black "Koong, Chun Hong"]
[Result "1/2-1/2"]
[WhiteElo "1590"]
[BlackElo "1638"]
[PlyCount "53"]
[EventDate "2024.04.21"]
[EventType "swiss"]
[EventRounds "9"]
[EventCountry "MAS"]
[SourceTitle "EXT 2025"]
[Source "ChessBase"]
[SourceDate "2024.10.14"]
[SourceVersion "1"]
[SourceVersionDate "2024.10.14"]
[SourceQuality "1"]

1. d4 Nf6 2. c4 e6 3. Nf3 d5 4. Nc3 Bb4 5. Bg5 0-0 6. e3 c5 7. dxc5 h6 8. Bh4 Nbd7 9. cxd5 exd5 10. Be2 Nxc5 11. 0-0 Bxc3 12. bxc3 Nce4 13. Qc2 Qa5 14. Rac1 Bg4 15. Rfd1 Rac8 16. Bxf6 Nxf6 17. Qb3 Rc7 18. h3 Bh5 19. Nd4 Bxe2 20. Nxe2 Rfc8 21. Rd4 b5 22. Rb4 a6 23. a4 Rc4 24. axb5 Rxb4 25. Qxb4 Qxb5 26. Qxb5 axb5 27. Rb1 1/2-1/2

[Event "MAS-ch Challengers"]
[Site "Pontian"]
[Date "2024.04.23"]
[Round "5"]
[White "Lim, Zen Hong"]
[Black "Lee, Xia Sean"]
[Result "1-0"]
[WhiteElo "1692"]
[BlackElo "1590"]
[PlyCount "103"]
[EventDate "2024.04.21"]
[EventType "swiss"]
[EventRounds "9"]
[EventCountry "MAS"]
[SourceTitle "EXT 2025"]
[Source "ChessBase"]
[SourceDate "2024.10.14"]
[SourceVersion "1"]
[SourceVersionDate "2024.10.14"]
[SourceQuality "1"]

1. e4 e5 2. Nf3 Nc6 3. Bb5 a6 4. Ba4 b5 5. Bb3 Nf6 6. 0-0 Bc5 7. Re1 d6 8. c3 0-0 9. h3 Bb7 10. d4 Bb6 11. Bc2 h6 12. Be3 Re8 13. Nbd2 Qd7 14. d5 Ne7 15. Nf1 Bxe3 16. Rxe3 Ng6 17. Ng3 Nf4 18. Nf5 Bc8 19. N3h4 Kh7 20. a4 g6 21. Ng3 Bb7 22. Ne2 N6h5 23. Nxf4 exf4 24. Re1 Qe7 25. Nf3 Kg8 26. Nd4 bxa4 27. Bxa4 Rf8 28. Qd2 Bc8 29. Bd1 Qg5 30. Nf3 Qf6 31. Qd4 Re8 32. e5 dxe5 33. Rxe5 Rxe5 34. Nxe5 Ng7 35. Ra4 g5 36. Ng4 Qxd4 37. Rxd4 Bxg4 38. Bxg4 Rd8 39. Bf3 Nf5 40. Rc4 Nh4 41. Rc5 Nxf3+ 42. gxf3 Kg7 43. c4 Rb8 44. Rxc7 Rxb2 45. d6 Kf6 46. c5 Rb8 47. d7 Ke7 48. c6 Kd8 49. Ra7 Rb1+ 50. Kg2 Rd1 51. Ra8+ Kc7 52. Rc8+ 1-0

[Event "Penang op-B 14th"]
[Site "Penang"]
[Date "2022.12.22"]
[Round "6"]
[White "Lee, Xia Sean"]
[Black "Ginting, Osaka Hendra"]
[Result "1-0"]
[WhiteElo "1182"]
[BlackElo "1730"]
[PlyCount "101"]
[EventDate "2022.12.19"]
[EventType "swiss"]
[EventRounds "9"]
[EventCountry "MAS"]
[SourceTitle "EXT 2024"]
[Source "ChessBase"]
[SourceDate "2023.10.10"]
[SourceVersion "1"]
[SourceVersionDate "2023.10.10"]
[SourceQuality "1"]

1. d4 f5 2. c4 Nf6 3. Nc3 e6 4. Nf3 Be7 5. Bf4 d6 6. e3 0-0 7. Be2 Nc6 8. 0-0 Qe8 9. Nb5 Bd8 10. Rc1 a6 11. Nc3 e5 12. Bg3 Rb8 13. a3 h6 14. dxe5 dxe5 15. h4 Kh8 16. b4 Ne4 17. Nxe4 fxe4 18. Nd2 Bf5 19. Bg4 Bh7 20. Nb3 Bf6 21. Nc5 Qe7 22. Qd7 Rfd8 23. Qxe7 Nxe7 24. Nd7 Ra8 25. Nxe5 Bxe5 26. Bxe5 c6 27. Rfd1 Rd3 28. Be2 Rxa3 29. Rd7 Re8 30. Bh5 Bg6 31. Bxg6 Nxg6 32. Bxg7+ Kg8 33. Bxh6 Re7 34. Rcd1 Rb3 35. h5 Rxd7 36. Rxd7 Ne5 37. Rg7+ Kh8 38. Rxb7 Rb1+ 39. Kh2 Ng4+ 40. Kh3 Nxh6 41. Rb6 Kg7 42. Rxa6 Rxb4 43. Rxc6 Rb2 44. Rg6+ Kh7 45. Rf6 Rc2 46. g4 Rxc4 47. g5 Ng8 48. Rf7+ Kh8 49. g6 Nf6 50. Rxf6 Rc1 51. Kg2 1-0

[Event "Wch FIDE Online U12 Girls Asia qual"]
[Site "Tornelo INT"]
[Date "2020.12.12"]
[Round "5"]
[White "Lee, Xia Sean"]
[Black "Ramanayake, Nemindi Linaya"]
[Result "0-1"]
[WhiteElo "1016"]
[BlackElo "1236"]
[PlyCount "116"]
[EventDate "2020.12.11"]
[EventType "swiss (rapid)"]
[EventRounds "7"]
[EventCountry "ISS"]
[SourceTitle "EXT 2022"]
[Source "ChessBase"]
[SourceDate "2021.10.06"]
[SourceVersion "1"]
[SourceVersionDate "2021.10.06"]
[SourceQuality "1"]

1. d4 d5 2. c4 c6 3. cxd5 cxd5 4. Nc3 Nf6 5. Bf4 e6 6. e3 a6 7. Nf3 Bd6 8. Ne5 Nc6 9. Bd3 Qc7 10. Nxc6 Bxf4 11. Nb4 Bd6 12. Nc2 Bd7 13. 0-0 Qb6 14. Rb1 0-0 15. a3 Rac8 16. Ne1 Qc7 17. Nf3 b5 18. h3 Qb6 19. Qb3 h6 20. Rbc1 Rc7 21. e4 dxe4 22. Nxe4 Nxe4 23. Bxe4 Rfc8 24. Rxc7 Qxc7 25. d5 Qc4 26. Qxc4 Rxc4 27. dxe6 Bxe6 28. Bb1 g6 29. Re1 Kg7 30. Ba2 Rc6 31. Bxe6 fxe6 32. Rxe6 Bh2+ 33. Kxh2 Rxe6 34. Nd4 Re4 35. Nf3 Re2 36. b3 Rxf2 37. Kg3 Rb2 38. Nd4 Ra2 39. b4 Rxa3+ 40. Kh2 Rd3 41. Ne6+ Kf6 42. Nc5 Ra3 43. g4 a5 44. bxa5 Rxa5 45. Kg3 Ra3+ 46. Kg2 b4 47. h4 b3 48. Ne4+ Ke5 49. Nd2 Ra2 50. Kf3 Rxd2 51. Ke3 Rd7 52. g5 hxg5 53. hxg5 b2 54. Kf3 b1Q 55. Ke3 Qd3+ 56. Kf2 Ra7 57. Kg2 Ra2+ 58. Kg1 Qd1# 0-1